LEADER 01682nam2 22003733i 450 001 RAV0080198 005 20251003044321.0 020 $aIT$b625656 100 $a19891209d1962 ||||0itac50 ba 101 | $aita$cita 102 $ait 181 1$6z01$ai $bxxxe 182 1$6z01$an 183 1$6z01$anc$2RDAcarrier 200 1 $aˆ5: 'L'‰Unità', 'La voce politica' (1915)$fa cura di Francesco Golzio e Augusto Guerra 210 $aTorino$cG. Einaudi$d1962 215 $a925 p.$d22 cm 461 1$1001RAV0079103$12001 $aˆLa ‰cultura italiana del '900 attraverso le riviste$v5 500 11$aˆ'L'‰Unità', 'La voce politica' (1915)$3TSA1813065$91671379 676 $a050$9$v21 676 $a055$9$v20 676 $a055$9PUBBLICAZIONI GENERALI IN SERIE IN ITALIANO, IN ROMENO, IN LINGUE LADINE$v21 676 $a055.1$9$v20 676 $a055.1$9PUBBLICAZIONI GENERALI IN SERIE IN ITALIANO$v21 676 $a075$9GIORNALI E GIORNALISMO IN ITALIA E IN ALCUNI TERRITORI LIMITROFI$v20 702 1$aGolzio$b, Francesco$3CFIV095850$4340 702 1$aGuerra$b, Augusto$f <1924-1980>$3RAVV026432$4340 801 3$aIT$bIT-000000$c19891209 850 $aIT-BN0095 $aIT-AV0003 $aIT-NA0018 $aIT-NA0079 $aIT-NA0120 $aIT-NA0581 $aIT-NA0261 $aIT-NA0085 912 $aRAV0080198 950 2$aBiblioteca Centralizzata di Ateneo$cv. 5$d 01DEMARCO MON. 220$e 01 0000099025 VMA (0005 v. 5$fA $h20230510$i20241015 977 $a 01$a AR$a BJ$a BN$a CR$a FC$a FT$a TU 996 $aUnità"; "La voce politica" (1915)$91671379 997 $aUNISANNIO